000
00336nam a2200181Ia 4500
100
_a
Mednieks/Zigurd
650
_a
Android
250
_a
2
942
_c
BK
366
_f
20
654
_a
android
245
_a
Programming Android
260
_b
SPD
_c
2012
082
_b
MED
300
_a
542
546
_a
ENGLISH
999
_c
23349
_d
23349